Top 15 TV Shows of All Time - Statistics

General Stats
  • This quiz has been taken 119 times
  • The average score is 10 of 15
Answer Stats
Hint Answer % Correct
2 Two gentlemen illegally producing and selling controlled substances Breaking Bad
94%
9 A mockumentary about the life of paper company workers with an interesting boss The Office
84%
1 Nine noble families fight for control over the lands of Westeros, while an ancient enemy returns after being dormant for millennia Game of Thrones
83%
5 A sheriff wakes up to find that all unalived humans have resurfaced and attacked humans The Walking Dead
81%
10 A show where through narration, the main character tells the story of how he came to know the maternal figure of his children How I Met Your Mother
76%
8 A smart, lovable, gentlemen who spends his days trying to solve crimes he committed the night before Dexter
73%
4 A mid 20s group of correspondants trying to navigate their way in Manhattan Friends
72%
3 A young group of friends experiencing and exploring unnatural forces Stranger Things
69%
7 An aspiring actor moves in across the hall to a duo of genius physicists who have no social skills The Big Bang Theory
68%
14 A Star Wars spin off where a bounty hunter travels far away from the center galaxy The Mandalorian
66%
12 The story of a 1900s English gangster family that sew razorblades into their hats Peaky Blinders
65%
15 An engineer intentionally gets convicted so he can break him and his brother out of an incarcaration facility that he designed Prison Break
64%
13 The fractured domestic lives of a nihilistic mad scientist and his anxious grandson are further complicated by their inter-dimensional misadventures Rick and Morty
54%
11 The trials and tribulations of a genius lawyer known for getting his clients out of assured convinction Better Call Saul
49%
6 A spin on a classic detective character where they are a functioning psychopath Sherlock
46%
No matching quizzes found
Score Distribution
Percent of People with Each Score
Percentile by Number Answered
Your Score History
You have not taken this quiz